LEADER 00900nam a2200229 i 4500 001 000000217169 003 CaOOAMICUS 005 20121127000000.0 008 121127s1965 it u000 u ita u 013 $a196065 040 $aSeMil$bita 100 1 $aGarobbio, Aurelio.$0(OLS)http://semarc/name/11209 245 10$aMilano dalle palafitte al Carroccio /$cAurelio Garobbio. 260 $aMilano :$bBaldini&Castoldi,$c1965. 300 $a326 p., [20] c. di tav. :$bill. ;$c21 cm. 490 0 $aMilano viva 650 4$aMilano - Storia.$0(OLS)http://semarc/subject/766 830 0$aMilano viva.$0(OLS)http://semarc/title/37562 850 $aSeMil 852 $aSeMil$W1$xVenegono$y1$m3O II 7$j167583$B167583$CSeMilBibl$Z2$F178369 $81 996 $6245$aMilano dalle palafitte al Carroccio$9(OLS)http://semarc/title/312086 996 $6260$aMilano :$bBaldini&Castoldi$9(OLS)http://semarc/publisher/31951 LEADER 00976nam a2200217 i 4500 001 000000179428 003 CaOOAMICUS 005 20250902095747.0 008 090514s1976 xxk u000 u mul u 040 $aSeMil$bita 245 10$a1: The life against Apion /$cwith an english transaltion by H. St. J. Thackeray. 300 $aXXI, 424 p., [1] c. geog. ripieg. 490 1 $aThe Loeb Classical Library ;$v186 700 1 $aThackeray, Henry St. John,$d<1869-1930>.$0(OLS)http://semarc/name/9144 773 0 $aIosephus, Flavius $tJosephus.$dCambridge, Massachusetts : Harvard University Press ; London : Heinemann, 1956-1988.$g1$w()20404 830 4$aThe Loeb Classical Library ;$v186.$0(OLS)http://semarc/title/26868 850 $aSeMil 852 $aSeMil$W1$xVenegono$y1$m1Y III 1$j261218$B130190$CSeMilBibl$Z2$F141677 $81 961 $aOmaggio: Villa don Cesare 996 $6245$a1: The life against Apion$9(OLS)http://semarc/title/257610